00665 a2200193 4500003000400000005001700004008004100021020001800062040000900080082002000089100002800109245005700137250001200194260004200206300001000248942004600258952015000304999001700454OSt20240220153406.0240205b |||||||| |||| 00| 0 eng d a9789393018489 coclc a894.8129bMOO/K aMoosakutty, N. M910382 aKumaon Kunnukalile Narabhojikal /cN. M. Moosakkutty a4th ed. aKOZHIKODE:bOLIVE PUBLICATION,c2023. a178P. 2ddccBKh894.8129iMOO/Kk894.8129mMOO/K 00102ddc40708MEMOIRSaMESbMEScMALd2024-02-05l6m3o894.8129 MOO/Kp45134r2025-10-07 12:08:17s2025-10-04v270.00w2024-02-05yBKzGR34R1 c44285d44285